En Joan Maragall i la Lliga del Bon Mot / Joan Maragall
Descripción Física:
38 p. ; 18 cm
Materias:
Literatura catalana
MARC
| LEADER | 00000nam a2200000Ia 4500 | ||
|---|---|---|---|
| 001 | 12974 | ||
| 003 | BGR | ||
| 005 | 20260410113709.0 | ||
| 008 | 160829s9999 xx 000 0 cat d | ||
| 080 | |a RF-1-7 | ||
| 100 | |a Maragall, Joan, |d 1860-1911 |9 25778 | ||
| 245 | |a En Joan Maragall i la Lliga del Bon Mot / Joan Maragall | ||
| 260 | |a Barcelona : |b Lliga del Bon Mot, [190 - ?] | ||
| 300 | |a 38 p. ; |c 18 cm | ||
| 650 | |a Literatura catalana |9 42910 | ||
| 710 | 2 | |a Lliga del Bon Mot |9 71363 | |
| 856 | 4 | |u https://media.diba.cat/diba/fitxers/arxiu/fulletons/bib_12974_baixa.pdf |y Accés lliure | |
| 856 | 4 | |u https://media.diba.cat/diba/fitxers/arxiu/fulletons/bib_12974_baixa.pdf |y Accés lliure | |
| 900 | |a bib_12974_baixa.pdf | ||
| 901 | |a Arxiu | ||
| 942 | |n 1 |2 udc |c MON | ||
| 952 | |0 0 |1 0 |4 0 |6 RF17 |7 1 |9 45280 |a Arxiu |b Arxiu |d 2016-12-01 |l 0 |o RF-1-7 |p 12974 |r 2016-12-01 00:00:00 |w 2016-12-01 |y ARXIU | ||
| 999 | |c 48354 |d 48354 | ||